The intelligent woman's guide to socialism, capitalism, sovietism, and fascism / (Record no. 288489)
[ view plain ]
| 000 -LEADER | |
|---|---|
| fixed length control field | 00579nam a22001930 4500 |
| 003 - CONTROL NUMBER IDENTIFIER | |
| control field | PILC |
| 005 - DATE AND TIME OF LATEST TRANSACTION | |
| control field | 20150826072919.0 |
| 008 - FIXED-LENGTH DATA ELEMENTS--GENERAL INFORMATION | |
| fixed length control field | /0/1 |
| 050 ## - LIBRARY OF CONGRESS CALL NUMBER | |
| Classification number | HX 246 |
| Item number | .Sh5 1937 |
| 100 1# - MAIN ENTRY--PERSONAL NAME | |
| Personal name | Shaw, George Bernard, |
| Dates associated with a name | 1856-1950. |
| 245 14 - TITLE STATEMENT | |
| Title | The intelligent woman's guide to socialism, capitalism, sovietism, and fascism / |
| Statement of responsibility, etc | Bernard Shaw. |
| 260 ## - PUBLICATION, DISTRIBUTION, ETC. (IMPRINT) | |
| Place of publication, distribution, etc | Harmondswoth : |
| Name of publisher, distributor, etc | Penguin, |
| Date of publication, distribution, etc | 1937. |
| 300 ## - PHYSICAL DESCRIPTION | |
| Extent | 525 pages ; |
| Dimensions | 18 cm. |
| 440 ## - SERIES STATEMENT/ADDED ENTRY--TITLE | |
| Title | Pelican books. |
| 500 ## - GENERAL NOTE | |
| General note | Includes index. |
| 650 ## - SUBJECT ADDED ENTRY--TOPICAL TERM | |
| Topical term or geographic name as entry element | Capitalism. |
| 650 ## - SUBJECT ADDED ENTRY--TOPICAL TERM | |
| Topical term or geographic name as entry element | Socialism. |
| 942 ## - ADDED ENTRY ELEMENTS (KOHA) | |
| Source of classification or shelving scheme | Library of Congress Classification |
| Koha item type | Books |
| Withdrawn status | Lost status | Source of classification or shelving scheme | Damaged status | Home library | Current library | Shelving location | Date acquired | Source of acquisition | Total Checkouts | Full call number | Barcode | Date last seen | Price effective from | Koha item type |
|---|---|---|---|---|---|---|---|---|---|---|---|---|---|---|
| Library of Congress Classification | Archives | Archives | 08/26/2015 | Donation | HX 246 .Sh5 1937 | C19788 | 05/15/2018 | 08/26/2015 | Books |